| 000 -LEADER |
| fixed length control field |
01009nam a2200265Ia 4500 |
| 001 - CONTROL NUMBER |
| control field |
18118 |
| 003 - CONTROL NUMBER IDENTIFIER |
| control field |
GE_BSU |
| 008 - FIXED-LENGTH DATA ELEMENTS--GENERAL INFORMATION |
| fixed length control field |
181216s||||||||xx |||||||||||||| ||und|| |
| 020 ## - INTERNATIONAL STANDARD BOOK NUMBER |
| International Standard Book Number |
9789941100260 |
| 040 ## - CATALOGING SOURCE |
| Transcribing agency |
GE_BSU |
| 080 ## - UNIVERSAL DECIMAL CLASSIFICATION NUMBER |
| Universal Decimal Classification number |
811.353.1(063) |
| 245 ## - TITLE STATEMENT |
| Title |
66-ე სამეცნიერო სესია |
| 245 ## - TITLE STATEMENT |
| Remainder of title |
2007 წლის 24-26 დეკემბერი |
| 245 ## - TITLE STATEMENT |
| Statement of responsibility, etc. |
რედ. ა. არაბული. |
| 250 ## - EDITION STATEMENT |
| Edition statement |
არნოლდ ჩიქობავას ენათმეცნიერების ინ-ტი |
| 260 ## - PUBLICATION, DISTRIBUTION, ETC. |
| Place of publication, distribution, etc. |
თბილისი |
| 260 ## - PUBLICATION, DISTRIBUTION, ETC. |
| Name of publisher, distributor, etc. |
მერიდიანი |
| 260 ## - PUBLICATION, DISTRIBUTION, ETC. |
| Date of publication, distribution, etc. |
2007 |
| 300 ## - PHYSICAL DESCRIPTION |
| Extent |
79გვ.21სმ. |
| 520 ## - SUMMARY, ETC. |
| Summary, etc. |
ეძღვნება აკადემიკოს აკაკი შანიძის დაბადების 120 წლისთავს |
| 653 ## - INDEX TERM--UNCONTROLLED |
| Uncontrolled term |
66-ე სამეცნიერო სესია |
| 653 ## - INDEX TERM--UNCONTROLLED |
| Uncontrolled term |
ქართული ენა |
| 942 ## - ADDED ENTRY ELEMENTS (KOHA) |
| Koha item type |
წიგნი |